000 00320 a2200157 4500
001 61028
020 _a8508020546
040 _cAnchieta - Pituba
100 _aBrait, Beth
240 1 0 _aA personagem
_lpor
245 1 0 _aA personagem
300 _a95
362 0 _a2002
650 4 _aAnálise e crítica
942 _cBK
999 _c61028
_d61028